| 000 | 00858nam a2200217Ia 4500 | ||
|---|---|---|---|
| 999 |
_c55278 _d55278 |
||
| 003 | GCL | ||
| 005 | 20240530105346.0 | ||
| 008 | 140319s9999 xx 000 0 ara d | ||
| 040 |
_aGCL / _cGCL |
||
| 082 | 0 | 4 |
_a251.2 _bق ك |
| 100 | 1 | _aابن قيم الجوزية: شمس الدين ابو عبدالله محمد بن ابى بكر | |
| 245 | 1 | 0 |
_aكشف الغطاء عن حكم سماع الغناء / _cابن قيم الجوزية: شمس الدين ابو عبدالله محمد بن ابى بكر |
| 260 |
_a[S.N] : _bمكتبة السنة للنشر والتوزيع ، _c1991 |
||
| 300 | _a301 ص | ||
| 650 | 0 | 4 | _aالفقه الاسلامى |
| 650 | 0 | 4 | _aالحلال والحرام |
| 650 | 0 | 4 | _aالفقه الحنبلى |
| 650 | 0 | 4 | _aاحكام الغناء |
| 700 | 1 | _aربيع بن احمد خلف (محقق) | |
| 942 |
_2ddc _cBK |
||